000 00476nam a2200169Ia 4500
008 130318s9999 xx 000 0 und d
020 _a9781412980227
082 _a658.45 KEY/C
100 _aKeyton, Joann
245 _aCommunication and organizational culture: A key to understanding work experiences
250 _a2
260 _bSage
_aCalifornia
_c2011
300 _a222
650 _aMANAGEMENT
650 _aORGANIZATIONAL BEHAVIOR
650 _aORGANIZATIONAL CHANGE
999 _c1905
_d1905